000 00709nam a2200289Ia 4500
005 20260324144050.0
008 008 260324s9999 xx 000 0 eng d
020 _a9781315724119
037 _aEBOOK
040 _aCRL
040 _beng
040 _cCRL
041 _2eng
041 _aeng
084 _qCRL
100 _aJames L. Jarrett; C. G. Jung
_91217939
245 0 _aNietzsche's Zarathustra
245 0 _bNotes of the Seminar given in 1934-1939 by C.G. Jung
260 _bTaylor and Francis
260 _c1989
365 _a
365 _b150
856 _uhttp://www.taylorfrancis.com/books/9781315724119
942 _cEBOOK
999 _c1824112
_d1824112